| 000 | 00393nam a2200145 a 4500 | ||
|---|---|---|---|
| 005 | 20140412111348.0 | ||
| 008 | 050422s19uu xx 00 eng d | ||
| 020 | _a0-7166-6502-6 | ||
| 050 |
_aM 507.8 _bCh436 1988 |
||
| 245 | _aFun with childcraft. | ||
| 260 |
_aChicago, Ill : _bWorld Book Inc., _c1988. |
||
| 300 | _a64 p. ; ill. | ||
| 650 |
_aScience _xStudy and teaching |
||
| 999 |
_c105238 _d105238 |
||